Länder mit der niedrigsten Opiatnutzungsrate - Statistiken

Allgemein
  • Dieses Quiz wurde 37 mal gespielt
    20 seit der letzten Aktualisierung
  • Das Durchschnittsergebnis liegt bei 10 aus 22
Antwortstatistiken
Platz Land Opiatnutzungsrate in % Kontinent % Korrekt
2. Katar 0,01% Asien
79%
21. Oman 0,09% Asien
79%
2. Saudi-Arabien 0,01% Asien
79%
21. Jemen 0,09% Asien
74%
1. Singapur 0,004% Asien
68%
6. Suriname 0,02% Südamerika
63%
6. Vereinigte Arabische Emirate 0,02% Asien
63%
18. Bolivien 0,07% Südamerika
58%
2. Brunei 0,01% Asien
58%
6. Syrien 0,02% Asien
58%
11. Namibia 0,03% Afrika
42%
6. Marokko 0,02% Afrika
37%
11. Tunesien 0,03% Afrika
37%
14. Äthiopien 0,05% Afrika
32%
20. Senegal 0,08% Afrika
32%
13. Simbabwe 0,04% Afrika
32%
6. Tansania 0,02% Afrika
32%
14. Antigua und Barbuda 0,05% Nordamerika
26%
2. Elfenbeinküste 0,01% Afrika
26%
14. Türkei 0,05% Asien
26%
14. Uganda 0,05% Afrika
26%
18. Moldawien 0,07% Europa
11%
Keine übereinstimmenden Quizze gefunden
Verteilung der Resultate
Anzahl Personen mit jedem Resultat
Perzentil nach korrekt beantworteten Fragen
Ihre Resultats-Entwicklung
Sie haben dieses Quiz seit der letzten Aktualisierung nicht gespielt